[Event "Olimpiada Dresden 2008 Femenina"]
[Site "Dresden GER"]
[Date "2008.11.17"]
[Round "5.45"]
[White "Mezioud, Amina"]
[Black "Soondarsingh, Aditi"]
[Result "1-0"]
[WhiteElo "2028"]
[BlackElo "1867"]
[PlyCount "63"]
[EventDate "2008.11.13"]
[EventType "team-tourn"]
[EventRounds "11"]
[EventCountry "GER"]
[Source "lmi"]
[SourceDate "2008.11.13"]
[WhiteTeam "Argelia"]
[BlackTeam "Trinidad y Tobago"]
[WhiteTeamCountry "ALG"]
[BlackTeamCountry "TRI"]

1. e4 e5 2. Nf3 Nc6 3. Bb5 a6 4. Ba4 Nf6 5. O-O b5 6. Bb3 Bc5 7. a4 b4 8. c3 d6
9. d4 Ba7 10. dxe5 dxe5 11. Qxd8+ Nxd8 12. cxb4 Nc6 13. Bg5 Rb8 14. Rc1 Bd7 15.
Bxf6 gxf6 16. b5 Nd4 17. Nxd4 Bxd4 18. Rxc7 Bxb2 19. Ra2 Bd4 20. Nd2 Bb6 21.
Rcc2 axb5 22. a5 Bd4 23. Nf3 Be6 24. Bxe6 fxe6 25. Kf1 Ke7 26. a6 Rhd8 27. Ke2
Ba7 28. Rab2 Rd6 29. Rc7+ Rd7 30. Rc6 Rd6 31. Rc7+ Rd7 32. Rc6 1-0

[Event "Olimpiada Dresden 2008 Femenina"]
[Site "Dresden GER"]
[Date "2008.11.17"]
[Round "5.45"]
[White "Latreche, Khadidja"]
[Black "Smith, Javanna"]
[Result "1-0"]
[WhiteElo "1819"]
[BlackElo "2001"]
[PlyCount "105"]
[EventDate "2008.11.13"]
[EventType "team-tourn"]
[EventRounds "11"]
[EventCountry "GER"]
[Source "lmi"]
[SourceDate "2008.11.13"]
[WhiteTeam "Argelia"]
[BlackTeam "Trinidad y Tobago"]
[WhiteTeamCountry "ALG"]
[BlackTeamCountry "TRI"]

1. e4 e5 2. Nf3 Nc6 3. Bb5 a6 4. Bxc6 dxc6 5. O-O Ne7 6. Nxe5 Qd4 7. Qh5 g6 8.
Qg5 Bg7 9. Nf3 Qxe4 10. Re1 Qb4 11. c3 Qd6 12. d4 h6 13. Qg3 Qxg3 14. hxg3 Be6
15. Bf4 O-O-O 16. Nbd2 g5 17. Be5 Bxe5 18. Nxe5 Nd5 19. Ne4 f6 20. Nc5 Bg8 21.
Ng6 Rh7 22. c4 Nb4 23. Ne7+ Kb8 24. Nxg8 Rxg8 25. Re6 Rd8 26. Rxf6 Rxd4 27. b3
Rd2 28. Re1 Ka7 29. a4 Nd3 30. Nxd3 Rxd3 31. Re3 Rxe3 32. fxe3 Rd7 33. e4 Re7
34. Rxh6 Rxe4 35. Kf2 c5 36. Rf6 Rd4 37. Ke3 b5 38. axb5 axb5 39. Rf5 bxc4 40.
bxc4 Rxc4 41. Rxg5 Kb6 42. g4 Rc3+ 43. Kf4 Rc4+ 44. Kf5 Rc2 45. g3 Re2 46. Rh5
Rf2+ 47. Ke4 Kc6 48. Rf5 Ra2 49. g5 Kd6 50. g6 Ra4+ 51. Kf3 Ke7 52. Rf7+ Ke6
53. Rf8 1-0

[Event "Olimpiada Dresden 2008 Femenina"]
[Site "Dresden GER"]
[Date "2008.11.17"]
[Round "5.46"]
[White "Lim, Hakyung"]
[Black "Al-Khelaifi, Salama"]
[Result "0-1"]
[WhiteElo "1566"]
[BlackElo "1707"]
[PlyCount "98"]
[EventDate "2008.11.13"]
[EventType "team-tourn"]
[EventRounds "11"]
[EventCountry "GER"]
[Source "lmi"]
[SourceDate "2008.11.13"]
[WhiteTeam "Corea"]
[BlackTeam "Qatar"]
[WhiteTeamCountry "KOR"]
[BlackTeamCountry "QAT"]

1. e4 e5 2. Nf3 Nc6 3. Nc3 g6 4. d4 exd4 5. Nxd4 Bg7 6. Be3 Nf6 7. Nxc6 bxc6 8.
e5 Ng8 9. Bc4 Bxe5 10. Qf3 Qf6 11. Qe4 Qe7 12. Qd3 Nf6 13. O-O-O d5 14. Bb3 O-O
15. Rhe1 Qd6 16. Qd2 Ng4 17. f4 Bxc3 18. Qxc3 Nxe3 19. Qxe3 Bg4 20. Rd4 Bd7 21.
Qf2 Rfe8 22. Rdd1 Rxe1 23. Rxe1 c5 24. Rd1 c6 25. c4 d4 26. Bc2 Re8 27. g3 Qe6
28. Bd3 Qe3+ 29. Qxe3 Rxe3 30. Kd2 Kg7 31. Re1 Rxe1 32. Kxe1 Kf6 33. Be4 Ke7
34. Kd2 Be6 35. b3 Kd6 36. Kd3 a5 37. a4 Bd7 38. Kd2 Ke7 39. h4 Kf6 40. Kc1 h6
41. Kd2 g5 42. Kc1 gxf4 43. gxf4 Bf5 44. Bxc6 Kg6 45. Bf3 Bc8 46. Bd5 f6 47.
Be4+ Kh5 48. b4 axb4 49. a5 Kxh4 0-1

[Event "Olimpiada Dresden 2008 Femenina"]
[Site "Dresden GER"]
[Date "2008.11.17"]
[Round "5.47"]
[White "Umarova, Shahnoza"]
[Black "Ui Laighleis, Gearoidin"]
[Result "1-0"]
[WhiteElo "1836"]
[BlackElo "1935"]
[PlyCount "65"]
[EventDate "2008.11.13"]
[EventType "team-tourn"]
[EventRounds "11"]
[EventCountry "GER"]
[Source "lmi"]
[SourceDate "2008.11.13"]
[WhiteTeam "Tayikistán"]
[BlackTeam "Irlanda"]
[WhiteTeamCountry "TJK"]
[BlackTeamCountry "IRL"]

1. Nf3 d6 2. d4 Bg4 3. c4 g6 4. Nc3 Bg7 5. e4 Bxf3 6. gxf3 e5 7. dxe5 Bxe5 8.
Qb3 Nc6 9. Be3 Nge7 10. O-O-O a5 11. f4 Bg7 12. h4 a4 13. Qa3 h5 14. e5 O-O 15.
Nb5 Nf5 16. Bh3 Nxe3 17. fxe3 Na5 18. Bf1 Qe7 19. Nc3 Qe6 20. Nd5 dxe5 21. f5
gxf5 22. Be2 Qh6 23. Ne7+ Kh8 24. Nxf5 Qg6 25. Nxg7 Nb3+ 26. axb3 axb3 27. Qxb3
Ra1+ 28. Kd2 Rxd1+ 29. Rxd1 Kxg7 30. Qxb7 c6 31. Qe7 Qg3 32. Rf1 e4 33. Rf5 1-0

[Event "Olimpiada Dresden 2008 Femenina"]
[Site "Dresden GER"]
[Date "2008.11.17"]
[Round "5.50"]
[White "Smith, Olivia"]
[Black "Mudongo, Boikhutso"]
[Result "1-0"]
[WhiteElo "1961"]
[BlackElo "1917"]
[PlyCount "113"]
[EventDate "2008.11.13"]
[EventType "team-tourn"]
[EventRounds "11"]
[EventCountry "GER"]
[Source "lmi"]
[SourceDate "2008.11.13"]
[WhiteTeam "Gales"]
[BlackTeam "Botswana"]
[WhiteTeamCountry "WLS"]
[BlackTeamCountry "BOT"]

1. c4 c5 2. Nc3 Nc6 3. Nf3 g6 4. g3 Bg7 5. Bg2 a6 6. Rb1 Rb8 7. a3 b5 8. cxb5
axb5 9. b4 cxb4 10. axb4 Nh6 11. h4 Ng4 12. h5 Qb6 13. e3 Nce5 14. Nxe5 Nxe5
15. d4 Nc4 16. h6 Bf8 17. e4 e6 18. Bg5 Be7 19. Bxe7 Kxe7 20. O-O Bb7 21. Qd3
Rhc8 22. Rfe1 d6 23. Ra1 Ra8 24. Bh3 Rxa1 25. Rxa1 Ra8 26. Rxa8 Bxa8 27. Bg2
Bc6 28. d5 Bd7 29. dxe6 fxe6 30. Ne2 Qa7 31. Qc3 e5 32. Qc1 Kf6 33. Nc3 Bc6 34.
Qd1 Qd4 35. Qf3+ Ke7 36. Nd5+ Bxd5 37. exd5 Qa1+ 38. Kh2 Qd4 39. Kg1 Nb2 40.
Bf1 Nc4 41. Bg2 Nb6 42. Qa3 Na4 43. Qc1 Nc3 44. Qg5+ Kf7 45. Qd8 Nxd5 46. Bxd5+
Qxd5 47. Qd7+ Kf6 48. Qxh7 Qd1+ 49. Kg2 Qd5+ 50. Kg1 Qd1+ 51. Kg2 Qd5+ 52. Kh2
Qf3 53. Qg7+ Kg5 54. Kg1 e4 55. h7 Qd1+ 56. Kg2 Qf3+ 57. Kg1 1-0

[Event "Olimpiada Dresden 2008 Femenina"]
[Site "Dresden GER"]
[Date "2008.11.17"]
[Round "5.51"]
[White "Nakagawa, Emiko"]
[Black "Matoussi, Amina"]
[Result "1-0"]
[WhiteElo "1860"]
[BlackElo "1761"]
[PlyCount "51"]
[EventDate "2008.11.13"]
[EventType "team-tourn"]
[EventRounds "11"]
[EventCountry "GER"]
[Source "lmi"]
[SourceDate "2008.11.13"]
[WhiteTeam "Japón"]
[BlackTeam "Túnez"]
[WhiteTeamCountry "JPN"]
[BlackTeamCountry "TUN"]

1. Nf3 Nf6 2. c4 c6 3. d4 d5 4. e3 e6 5. Nbd2 Nbd7 6. Bd3 Be7 7. O-O O-O 8. Qe2
c5 9. b3 b6 10. Bb2 Bb7 11. Rac1 a5 12. cxd5 Nxd5 13. Bb5 N7f6 14. Rfd1 Qb8 15.
Ne5 Rc8 16. Ndc4 cxd4 17. Bxd4 Bc5 18. Bb2 Ra7 19. Ng4 Ne8 20. Nce5 Qa8 21.
Nh6+ gxh6 22. Qg4+ Ng7 23. Nxf7 Bf8 24. Nxh6+ Kh8 25. Qxe6 Ne7 26. Qg8+ 1-0

[Event "Olimpiada Dresden 2008 Femenina"]
[Site "Dresden GER"]
[Date "2008.11.17"]
[Round "5.52"]
[White "Basta-Sohair, F."]
[Black "Maeckelberg, Mieke"]
[Result "1-0"]
[WhiteElo "2051"]
[BlackElo "1959"]
[PlyCount "70"]
[EventDate "2008.11.13"]
[EventType "team-tourn"]
[EventRounds "11"]
[EventCountry "GER"]
[Source "lmi"]
[SourceDate "2008.11.13"]
[WhiteTeam "Egipto"]
[BlackTeam "Bélgica"]
[WhiteTeamCountry "EGY"]
[BlackTeamCountry "BEL"]

1. d4 Nf6 2. Nc3 d5 3. Bg5 e6 4. Nf3 Be7 5. Bxf6 Bxf6 6. e4 O-O 7. Bd3 g6 8. e5
Bg7 9. Ne2 c5 10. c3 Qb6 11. Qd2 Bd7 12. a4 cxd4 13. cxd4 Nc6 14. O-O Rfc8 15.
Qf4 Be8 16. Ng3 Nb4 17. Bb1 Nc2 18. Ra2 Rc7 19. h4 Rac8 20. h5 Rc4 21. a5 Qd8
22. Rd1 Bf8 23. Nh2 Nxd4 24. Rxd4 Rxd4 25. Qxd4 Rc1+ 26. Ngf1 Rxb1 27. hxg6
hxg6 28. Ng4 Bg7 29. Nf6+ Bxf6 30. exf6 Bb5 31. Ra3 Rxf1+ 32. Kh2 Qd6+ 33. g3
e5 34. Qxa7 Qxf6 35. Kg2 d4 1-0

[Event "Olimpiada Dresden 2008 Femenina"]
[Site "Dresden GER"]
[Date "2008.11.17"]
[Round "5.52"]
[White "Stolarczyk, Anna"]
[Black "Mona, Khaled"]
[Result "0-1"]
[WhiteElo "2001"]
[BlackElo "1967"]
[PlyCount "105"]
[EventDate "2008.11.13"]
[EventType "team-tourn"]
[EventRounds "11"]
[EventCountry "GER"]
[Source "lmi"]
[SourceDate "2008.11.13"]
[WhiteTeam "Polonia"]
[BlackTeam "Egipto"]
[WhiteTeamCountry "POL"]
[BlackTeamCountry "EGY"]

1. d4 Nf6 2. c4 b6 3. Nc3 Bb7 4. Nf3 e6 5. a3 Be7 6. Qc2 d5 7. cxd5 exd5 8. g3
O-O 9. Bg2 Na6 10. O-O c5 11. Bg5 Ne4 12. Bxe7 Qxe7 13. e3 Rac8 14. Bh3 Ra8 15.
Rfd1 Rfd8 16. Rac1 Bc8 17. Bg2 Bg4 18. dxc5 Nxc3 19. Qxc3 Nxc5 20. Qb4 Be6 21.
Nd4 Rac8 22. Qd2 Qd6 23. b4 Nd7 24. f4 Nf6 25. a4 Bg4 26. Re1 Ne4 27. Qb2 Qd7
28. b5 Nc5 29. Qa3 Rc7 30. Nc6 Re8 31. Ne5 Qe6 32. Nxg4 Qxg4 33. Bxd5 Rce7 34.
Rxc5 bxc5 35. Bc6 Rf8 36. Qxc5 Re6 37. Qd5 Rh6 38. a5 Qh3 39. Re2 Qg4 40. Re1
Qh3 41. Re2 Qg4 42. Rd2 Qc8 43. a6 Qc7 44. e4 Rg6 45. e5 Kh8 46. Kg2 h5 47. f5
Rg5 48. Qd6 Qc8 49. Bd7 Qd8 50. Bc6 Qc8 51. b6 axb6 52. a7 h4 53. Qxf8+ 0-1

[Event "Olimpiada Dresden 2008 Femenina"]
[Site "Dresden GER"]
[Date "2008.11.17"]
[Round "5.52"]
[White "Alaa El Din, Yosra"]
[Black "Debowska, Teresa"]
[Result "1-0"]
[WhiteElo "1949"]
[BlackElo "1916"]
[PlyCount "41"]
[EventDate "2008.11.13"]
[EventType "team-tourn"]
[EventRounds "11"]
[EventCountry "GER"]
[Source "lmi"]
[SourceDate "2008.11.13"]
[WhiteTeam "Egipto"]
[BlackTeam "Polonia"]
[WhiteTeamCountry "EGY"]
[BlackTeamCountry "POL"]

1. e4 c5 2. Nf3 d6 3. d4 Nf6 4. Nc3 cxd4 5. Nxd4 Nc6 6. Be2 e6 7. O-O Be7 8.
Be3 O-O 9. f4 a6 10. Qe1 Qc7 11. Qg3 Bd7 12. Kh1 Na5 13. e5 Nd5 14. Nxd5 exd5
15. f5 Kh8 16. f6 gxf6 17. exf6 Rg8 18. Qh4 Bf8 19. Bd3 Rg6 20. Bxg6 fxg6 21.
f7 1-0

[Event "Olimpiada Dresden 2008 Femenina"]
[Site "Dresden GER"]
[Date "2008.11.19"]
[Round "6.1"]
[White "Zhao, Xue"]
[Black "Vajda, Szidonia"]
[Result "1/2-1/2"]
[WhiteElo "2518"]
[BlackElo "2380"]
[PlyCount "103"]
[EventDate "2008.11.13"]
[EventType "team-tourn"]
[EventRounds "11"]
[EventCountry "GER"]
[Source "lmi"]
[SourceDate "2008.11.13"]
[WhiteTeam "China"]
[BlackTeam "Hungría"]
[WhiteTeamCountry "CHN"]
[BlackTeamCountry "HUN"]

1. d4 d5 2. c4 c6 3. Nf3 Nf6 4. e3 Bg4 5. Qb3 Qb6 6. Nc3 e6 7. Nh4 Bh5 8. h3
Bg6 9. Nxg6 hxg6 10. Bd2 Nbd7 11. O-O-O a5 12. Kb1 Qxb3 13. axb3 Bb4 14. Bd3
O-O 15. f3 e5 16. cxd5 cxd5 17. Bb5 exd4 18. exd4 Rfd8 19. g4 Nf8 20. h4 Ne6
21. Be3 Nc7 22. Bd3 Re8 23. Bc1 Ne6 24. Nb5 a4 25. Ka2 Ra5 26. Rhg1 Rea8 27.
Be3 Be7 28. Nc3 a3 29. Ra1 Bb4 30. Nb5 axb2+ 31. Kxb2 Rxa1 32. Rxa1 Rxa1 33.
Kxa1 Be1 34. Kb2 Bxh4 35. Nd6 Nd8 36. Bb5 Bg3 37. Nc8 Kf8 38. Bd2 Ne6 39. Be3
Ne8 40. Kc2 Nd6 41. Bd7 Nxc8 42. Bxc8 b6 43. Bxe6 fxe6 44. g5 Ke7 45. f4 Kd6
46. Bd2 Kc6 47. Kd3 Bf2 48. Bb4 Kb5 49. Bd2 Bg1 50. Bc3 Bf2 51. Bd2 Bg1 52. Bc3
1/2-1/2

[Event "Olimpiada Dresden 2008 Femenina"]
[Site "Dresden GER"]
[Date "2008.11.19"]
[Round "6.1"]
[White "Tan, Zhongyi"]
[Black "Rudolf, Anna"]
[Result "1-0"]
[WhiteElo "2395"]
[BlackElo "2318"]
[PlyCount "152"]
[EventDate "2008.11.13"]
[EventType "team-tourn"]
[EventRounds "11"]
[EventCountry "GER"]
[Source "lmi"]
[SourceDate "2008.11.13"]
[WhiteTeam "China"]
[BlackTeam "Hungría"]
[WhiteTeamCountry "CHN"]
[BlackTeamCountry "HUN"]

1. d4 d5 2. c4 c6 3. Nf3 Nf6 4. Nc3 e6 5. Bg5 h6 6. Bxf6 Qxf6 7. e3 Nd7 8. Bd3
dxc4 9. Bxc4 g6 10. O-O Bg7 11. Qc2 O-O 12. Rfd1 Qe7 13. Rac1 Rd8 14. h3 a6 15.
Be2 b6 16. Nd2 Bb7 17. Bf3 Rac8 18. Qb3 Ba8 19. a3 b5 20. Qa2 c5 21. Bxa8 Rxa8
22. Nf3 Rac8 23. a4 cxd4 24. Nxd4 b4 25. Nce2 Nc5 26. a5 Qb7 27. Nf3 Rxd1+ 28.
Rxd1 Qb5 29. Ned4 Qa4 30. Qxa4 Nxa4 31. b3 Nc3 32. Rd2 Rc5 33. Nc2 Nd5 34. e4
Bc3 35. Rd1 Nf4 36. Rd8+ Kg7 37. g3 Nxh3+ 38. Kg2 Ng5 39. Nxg5 hxg5 40. Kf3 Bf6
41. Rd2 Rc3+ 42. Ne3 Rxb3 43. Rd6 Ra3 44. Rxa6 b3 45. e5 g4+ 46. Ke4 Ra4+ 47.
Kd3 Bxe5 48. Rb6 b2 49. Nc4 Bf6 50. Nxb2 Bxb2 51. Rxb2 Rxa5 52. Rb4 f5 53. Ke3
Kf6 54. Ke2 g5 55. Rc4 Ke5 56. Kf1 f4 57. Kg2 Kf5 58. Rc8 e5 59. Rg8 Ra2 60.
Rg7 Ra8 61. Rb7 Rd8 62. Rb2 Rd3 63. Ra2 e4 64. Ra5+ Kf6 65. Ra6+ Ke5 66. Ra5+
Rd5 67. Ra4 f3+ 68. Kh2 Rd2 69. Ra5+ Kf6 70. Ra6+ Kg7 71. Ra7+ Kg6 72. Ra6+ Kh5
73. Kg1 e3 74. fxe3 Rg2+ 75. Kf1 Rxg3 76. e4 Rg2 1-0

[Event "Olimpiada Dresden 2008 Femenina"]
[Site "Dresden GER"]
[Date "2008.11.19"]
[Round "6.2"]
[White "Maric, Alisa"]
[Black "Paehtz, Elisabeth"]
[Result "1/2-1/2"]
[WhiteElo "2405"]
[BlackElo "2471"]
[PlyCount "130"]
[EventDate "2008.11.13"]
[EventType "team-tourn"]
[EventRounds "11"]
[EventCountry "GER"]
[Source "lmi"]
[SourceDate "2008.11.13"]
[WhiteTeam "SRB"]
[BlackTeam "Alemania"]
[BlackTeamCountry "GER"]

1. e4 e5 2. Nf3 Nc6 3. Bc4 Nf6 4. d3 Be7 5. O-O O-O 6. Bb3 d6 7. c3 Na5 8. Bc2
c5 9. Re1 Nc6 10. h3 Be6 11. Nbd2 h6 12. Nf1 Rc8 13. Ng3 Re8 14. Bb3 Bf8 15.
Bxe6 Rxe6 16. c4 g6 17. Bd2 Nh7 18. Rb1 h5 19. b4 b6 20. b5 Ne7 21. a4 Bg7 22.
a5 Qf8 23. Qa4 Kh8 24. axb6 axb6 25. Qa7 Rb8 26. Ra1 Ng8 27. Ra2 Re7 28. Qa4
Bh6 29. Bc3 Ng5 30. Nxg5 Bxg5 31. Rea1 h4 32. Ne2 Kh7 33. Qd1 Nf6 34. Be1 Reb7
35. Ra6 Kg7 36. R1a2 Qd8 37. Kh1 Nh5 38. Nc3 Nf6 39. Qf3 Qh8 40. Qd1 Qd8 41.
Kg1 Qc8 42. Kf1 Qd8 43. Ra7 Qd7 44. Rxb7 Rxb7 45. Ra6 Qd8 46. Qf3 Ne8 47. Qg4
Nc7 48. Ra2 Bf6 49. Nd1 Ne6 50. Ne3 Bg5 51. Nd5 Nc7 52. Nxc7 Rxc7 53. Ra6 Rb7
54. Ke2 Kh7 55. f3 Kg7 56. Kd1 Bf6 57. Kc2 Rb8 58. Kb3 Ra8 59. Bc3 Rxa6 60.
bxa6 Qe8 61. f4 b5 62. f5 bxc4+ 63. dxc4 Qc6 64. fxg6 fxg6 65. Bd2 Kf7 1/2-1/2

[Event "Olimpiada Dresden 2008 Femenina"]
[Site "Dresden GER"]
[Date "2008.11.19"]
[Round "6.2"]
[White "Kachiani-Gersinska, Ketino"]
[Black "Bojkovic, Natasa"]
[Result "1/2-1/2"]
[WhiteElo "2371"]
[BlackElo "2420"]
[PlyCount "63"]
[EventDate "2008.11.13"]
[EventType "team-tourn"]
[EventRounds "11"]
[EventCountry "GER"]
[Source "lmi"]
[SourceDate "2008.11.13"]
[WhiteTeam "Alemania"]
[BlackTeam "SRB"]
[WhiteTeamCountry "GER"]

1. d4 Nf6 2. c4 e6 3. g3 Bb4+ 4. Bd2 Be7 5. Bg2 d5 6. Nf3 O-O 7. O-O c6 8. Bf4
Nbd7 9. Nc3 Nh5 10. Bc1 Nhf6 11. Nd2 b5 12. cxb5 cxb5 13. Nxb5 Qb6 14. a4 Ba6
15. e3 Bxb5 16. axb5 Qxb5 17. g4 Rfc8 18. g5 Ne8 19. h4 Nd6 20. Qg4 Nf8 21. e4
Rc7 22. exd5 exd5 23. Nb1 Ne4 24. Bxe4 dxe4 25. Nc3 Qd7 26. Qxe4 Re8 27. Re1
Bxg5 28. Qxe8 Qg4+ 29. Kf1 Qh3+ 30. Kg1 Qg4+ 31. Kf1 Qh3+ 32. Ke2 1/2-1/2

[Event "Olimpiada Dresden 2008 Femenina"]
[Site "Dresden GER"]
[Date "2008.11.19"]
[Round "6.3"]
[White "Kosintseva, Nadezhda"]
[Black "Kopinits, Anna-Christina"]
[Result "1/2-1/2"]
[WhiteElo "2468"]
[BlackElo "2270"]
[PlyCount "229"]
[EventDate "2008.11.13"]
[EventType "team-tourn"]
[EventRounds "11"]
[EventCountry "GER"]
[Source "lmi"]
[SourceDate "2008.11.13"]
[WhiteTeam "Rusia"]
[BlackTeam "Austria"]
[WhiteTeamCountry "RUS"]
[BlackTeamCountry "AUT"]

1. e4 c6 2. d4 d5 3. e5 Bf5 4. Nd2 e6 5. Nb3 Nd7 6. Nf3 Ne7 7. Be2 Nc8 8. a4
Be7 9. a5 a6 10. O-O O-O 11. Be3 Qc7 12. Re1 Na7 13. Qd2 c5 14. Nxc5 Bxc5 15.
dxc5 Nxe5 16. Nd4 Nc4 17. Bxc4 dxc4 18. Nxf5 exf5 19. Qd4 Nc6 20. Qxc4 Nxa5 21.
Qd3 f4 22. Bd2 Nc6 23. Qe4 Nd8 24. Qxf4 Qxf4 25. Bxf4 Nc6 26. c3 Rfe8 27. Kf1
f6 28. Red1 Rad8 29. Bc7 Rxd1+ 30. Rxd1 Kf7 31. b4 Re7 32. Bd6 Re4 33. Rd3 Na7
34. f3 Rc4 35. Ke2 a5 36. bxa5 Nc6 37. Re3 Ra4 38. Kd3 Rxa5 39. Re2 Rb5 40. Kc2
h5 41. f4 Kg6 42. g3 Kf5 43. h3 g6 44. Rg2 Ke4 45. g4 Kf3 46. gxh5 gxh5 47. Rg6
h4 48. Rg4 Na5 49. f5 Nb3 50. Rxh4 Nxc5 51. Rf4+ Ke3 52. Rb4 Ra5 53. Bxc5+ Rxc5
54. Rxb7 Rxf5 55. Re7+ Re5 56. Rxe5+ fxe5 57. h4 e4 58. h5 Kf3 59. h6 e3 60. h7
e2 61. h8=Q e1=Q 62. Qf6+ Kg4 63. Qd4+ Kf5 64. Qd7+ Kf6 65. c4 Qe3 66. Qd5 Qe5
67. Qc6+ Qe6 68. Qf3+ Ke7 69. Kc3 Kd6 70. Qf8+ Kc6 71. Qa8+ Kb6 72. Qb8+ Kc6
73. Qb5+ Kc7 74. Qc5+ Kb7 75. Qf2 Kc6 76. Kb3 Qd6 77. Qf3+ Kb6 78. Qe3+ Qc5 79.
Qe6+ Qc6 80. Qf7 Qd6 81. Qf3 Qc6 82. Qg3 Qc7 83. Qg5 Qc5 84. Qd8+ Qc7 85. Qa8
Qg3+ 86. Ka4 Qe5 87. Qd8+ Kc6 88. Qc8+ Kb6 89. Qd8+ Kc6 90. Qd3 Kb6 91. Kb3 Kc6
92. Qf3+ Kb6 93. Qf2+ Qc5 94. Qd2 Qe5 95. Qd8+ Kc6 96. Qd3 Qd6 97. Qe3 Qc5 98.
Qe4+ Kb6 99. Kc3 Qd6 100. Qe3+ Qc5 101. Qe6+ Qc6 102. Qf7 Qd6 103. Qf5 Qc5 104.
Qe6+ Qc6 105. Qe5 Qc5 106. Qb8+ Kc6 107. Qe8+ Kb6 108. Qd8+ Kc6 109. Qf6+ Qd6
110. Qf5 Qc5 111. Qe4+ Kb6 112. Kd3 Qd6+ 113. Kc2 Qc6 114. Qe3+ Qc5 115. Qf4
1/2-1/2

[Event "Olimpiada Dresden 2008 Femenina"]
[Site "Dresden GER"]
[Date "2008.11.19"]
[Round "6.3"]
[White "Novkovic, Julia"]
[Black "Korbut, Ekaterina"]
[Result "0-1"]
[WhiteElo "2161"]
[BlackElo "2459"]
[PlyCount "179"]
[EventDate "2008.11.13"]
[EventType "team-tourn"]
[EventRounds "11"]
[EventCountry "GER"]
[Source "lmi"]
[SourceDate "2008.11.13"]
[WhiteTeam "Austria"]
[BlackTeam "Rusia"]
[WhiteTeamCountry "AUT"]
[BlackTeamCountry "RUS"]

1. e4 e5 2. Nf3 Nc6 3. Bb5 a6 4. Ba4 Nf6 5. O-O Be7 6. Re1 b5 7. Bb3 O-O 8. h3
Bb7 9. d3 d5 10. exd5 Nxd5 11. Nxe5 Nd4 12. Nd2 c5 13. c3 Nxb3 14. Nxb3 Re8 15.
a4 Nf6 16. Bg5 Bf8 17. axb5 axb5 18. Rxa8 Bxa8 19. Nd2 h6 20. Bxf6 Qxf6 21.
Nef3 Rd8 22. Re3 Bb7 23. d4 cxd4 24. cxd4 Qf5 25. Qe2 Bd6 26. Re8+ Rxe8 27.
Qxe8+ Kh7 28. Qe2 Bf4 29. Nf1 b4 30. Ne1 Bg5 31. Ne3 Qe4 32. Qd3 Bf6 33. d5
Qxd3 34. Nxd3 Kg8 35. b3 Be7 36. Nf5 Kf8 37. d6 Bf6 38. Nc5 Bc6 39. d7 h5 40.
Nd4 Ba8 41. Nc2 Ke7 42. Nxb4 Bd4 43. Nbd3 Bc6 44. Kf1 Bb5 45. Ke1 Bc6 46. f3 h4
47. Kd2 Bb5 48. b4 Kd8 49. Nb3 Bg1 50. Nbc5 Bd4 51. Nf4 Bxc5 52. bxc5 Kxd7 53.
Nd3 Kc6 54. Ne5+ Kxc5 55. Nxf7 Kd5 56. Ke3 Ke6 57. Ng5+ Kf5 58. f4 Kg6 59. Nf3
Kh5 60. Kf2 Bc6 61. Nd4 Be4 62. Ne2 Bb7 63. Nd4 Be4 64. Nf3 Bd3 65. Nd2 Ba6 66.
Ke3 Bb7 67. Nf3 Ba6 68. Kd4 Bf1 69. Ne1 Kh6 70. Ke5 Kh5 71. Ke6 Bc4+ 72. Kf5
Bf1 73. Ke5 Kh6 74. f5 Kg5 75. Nf3+ Kh5 76. Ne1 Kg5 77. Ke4 Ba6 78. Nf3+ Kh5
79. Kf4 Bb7 80. Ke5 Ba6 81. Nd2 Bb7 82. Ne4 Kh6 83. Kf4 Kh5 84. f6 gxf6 85.
Nxf6+ Kg6 86. Ne4 Ba8 87. Nd6 Bxg2 88. Nf5 Bxh3 89. Nxh4+ Kf6 90. Ke4 0-1

[Event "Olimpiada Dresden 2008 Femenina"]
[Site "Dresden GER"]
[Date "2008.11.19"]
[Round "6.3"]
[White "Pogonina, Natalija"]
[Black "Newrkla, Katharina"]
[Result "1-0"]
[WhiteElo "2474"]
[BlackElo "2071"]
[PlyCount "65"]
[EventDate "2008.11.13"]
[EventType "team-tourn"]
[EventRounds "11"]
[EventCountry "GER"]
[Source "lmi"]
[SourceDate "2008.11.13"]
[WhiteTeam "Rusia"]
[BlackTeam "Austria"]
[WhiteTeamCountry "RUS"]
[BlackTeamCountry "AUT"]

1. e4 c5 2. Nf3 d6 3. d4 Nf6 4. Nc3 cxd4 5. Nxd4 Nc6 6. Bc4 Bd7 7. O-O g6 8. h3
Bg7 9. Nf3 O-O 10. Re1 Rc8 11. Bf1 Qa5 12. Be3 Be6 13. a3 d5 14. e5 Ne4 15. Bd2
Qb6 16. Be3 Nxc3 17. bxc3 Qc7 18. Bf4 Na5 19. Qd2 Nc4 20. Bxc4 Qxc4 21. Rab1
Qxc3 22. Qxc3 Rxc3 23. Rxb7 Rxa3 24. Bg5 Rc8 25. Bxe7 Ra4 26. Ng5 Rxc2 27. Nxe6
fxe6 28. Rb8+ Kf7 29. Bd6 Bh6 30. Rb7+ Kg8 31. Rb8+ Kf7 32. Rb7+ Kg8 33. Rb8+
1-0

[Event "Olimpiada Dresden 2008 Femenina"]
[Site "Dresden GER"]
[Date "2008.11.19"]
[Round "6.4"]
[White "Zatonskih, Anna"]
[Black "Cosma, Elena Luminita"]
[Result "1-0"]
[WhiteElo "2440"]
[BlackElo "2340"]
[PlyCount "69"]
[EventDate "2008.11.13"]
[EventType "team-tourn"]
[EventRounds "11"]
[EventCountry "GER"]
[Source "lmi"]
[SourceDate "2008.11.13"]
[WhiteTeam "Estados Unidos"]
[BlackTeam "ROU"]
[WhiteTeamCountry "USA"]

1. d4 d5 2. c4 c6 3. Nf3 e6 4. e3 Nf6 5. Bd3 Nbd7 6. O-O Bd6 7. Nbd2 O-O 8. e4
dxe4 9. Nxe4 Nxe4 10. Bxe4 h6 11. Bc2 e5 12. Qd3 f5 13. c5 Bc7 14. dxe5 Nxe5
15. Qb3+ Kh8 16. Bf4 Be6 17. Qc3 Nxf3+ 18. Qxf3 Bd5 19. Bxc7 Qxc7 20. Qc3 Rae8
21. Rfe1 Qf7 22. a3 Kg8 23. f3 g6 24. Kf2 Rxe1 25. Rxe1 Re8 26. Re5 Rxe5 27.
Qxe5 Qf8 28. b4 a5 29. h4 axb4 30. axb4 Bf7 31. h5 Qd8 32. hxg6 Bxg6 33. Kg1
Qd2 34. Bb3+ Bf7 35. Qe8+ 1-0

[Event "Olimpiada Dresden 2008 Femenina"]
[Site "Dresden GER"]
[Date "2008.11.19"]
[Round "6.5"]
[White "Rajlich, Iweta"]
[Black "Dzagnidze, Nana"]
[Result "0-1"]
[WhiteElo "2404"]
[BlackElo "2503"]
[PlyCount "112"]
[EventDate "2008.11.13"]
[EventType "team-tourn"]
[EventRounds "11"]
[EventCountry "GER"]
[Source "lmi"]
[SourceDate "2008.11.13"]
[WhiteTeam "Polonia"]
[BlackTeam "Georgia"]
[WhiteTeamCountry "POL"]
[BlackTeamCountry "GEO"]

1. d4 d5 2. Nf3 Nf6 3. c4 c6 4. Nc3 e6 5. Bg5 h6 6. Bxf6 Qxf6 7. e3 Nd7 8. Bd3
dxc4 9. Bxc4 g6 10. O-O Bg7 11. Qc2 O-O 12. Ne4 Qe7 13. Bb3 e5 14. Nc3 Kh7 15.
Rfe1 f5 16. Rac1 e4 17. Nd2 Nf6 18. Ne2 Bd7 19. Qc5 Qxc5 20. Rxc5 Rfc8 21. Rec1
Bf8 22. R5c2 Re8 23. Nc4 Be6 24. Na5 Bxb3 25. Nxb3 Bd6 26. Na5 Re7 27. Nc4 Rd8
28. Rb1 Nd5 29. a3 g5 30. b4 a6 31. Nc3 f4 32. Nxd5 cxd5 33. Nb6 Rc7 34. Rbc1
Rxc2 35. Rxc2 fxe3 36. fxe3 Kg6 37. Rc8 Rxc8 38. Nxc8 Bf8 39. Nb6 a5 40. bxa5
Bxa3 41. Nxd5 Kf5 42. Kf2 h5 43. Ke2 Ke6 44. Nc3 Kf5 45. Na4 Ke6 46. Kd2 Bb4+
47. Kc2 Bxa5 48. Nc5+ Kd5 49. Nxb7 Bc7 50. h3 Bb6 51. g4 hxg4 52. hxg4 Bxd4 53.
exd4 Kxd4 54. Nd6 Ke3 55. Kd1 Kf4 56. Ke2 Ke5 0-1